Different views on the definition of the creative economy and creative industries
Kreativita ako princíp dnešnej ekonomiky. Diskusia akademikov ako aj politikov o rôznych prístupoch k chápaniu konceptu kreatívnej ekonomiky. Dva základné prúdy: kreatívny sektor ako nosné odvetvie hospodárstva a druhý prúd - potreba vnímania kreativity prierezovo v rámci celého hospodárstva ako hyb...
Salvato in:
| Autore principale: | |
|---|---|
| Altri autori: | |
| Natura: | Capitolo di libro |
| Lingua: | inglese |
| Soggetti: | |
| Tags: |
Nessun Tag, puoi essere il primo ad aggiungerne!!
|
MARC
| LEADER | 00000naa a2200000 4500 | ||
|---|---|---|---|
| 001 | 0166278 | ||
| 005 | 20231103070027.8 | ||
| 041 | 0 | |a eng | |
| 044 | |a SK | ||
| 245 | 1 | 0 | |a Different views on the definition of the creative economy and creative industries |c Lukáš Babin, Barbora Milotová |
| 520 | |a Kreativita ako princíp dnešnej ekonomiky. Diskusia akademikov ako aj politikov o rôznych prístupoch k chápaniu konceptu kreatívnej ekonomiky. Dva základné prúdy: kreatívny sektor ako nosné odvetvie hospodárstva a druhý prúd - potreba vnímania kreativity prierezovo v rámci celého hospodárstva ako hybnej sily rozvoja. | ||
| 610 | 2 | 0 | |a ekonomika kreatívna |
| 610 | 2 | 0 | |a kreativita |
| 610 | 2 | 0 | |a odvetvia činnosti ekonomickej |
| 610 | 2 | 0 | |a priemysel |
| 100 | 1 | |a Babin, Lukáš | |
| 700 | 1 | |a Milotová, Barbora | |